| 000 | 00694nmm a2200193Ia 4500 | ||
|---|---|---|---|
| 008 | 251105s9999||||xx |||||||||||||||||und|| | ||
| 020 | _a9781643364216 | ||
| 041 | _aeng | ||
| 100 | _aBarnett, Rachel Gordin | ||
| 245 | 0 |
_aKugels and Collards : _b Stories of Food, Family, and Tradition in Jewish South Carolina |
|
| 264 |
_a[Washington, Estados Unidos] : _bUniversity of South Carolina Press, _c[Fecha de publicación no identificada] |
||
| 300 | _a255 pƔginas | ||
| 700 | _aBarnett, Rachel Gordin | ||
| 700 | 1 | _a Harvey, Lyssa Kligman | |
| 700 | 1 | _a Sherrer, III, John M. | |
| 700 | 1 | _a Ferris, Marcie Cohen | |
| 856 | _uhttps://public.digitaliapublishing.com/a/159022 | ||
| 942 | _cCF | ||
| 999 |
_c62523 _d62523 |
||